| 000 | 00583nam a22001577a 4500 | ||
|---|---|---|---|
| 999 |
_c534665 _d534665 |
||
| 020 | _qHard Cover. | ||
| 082 | _a624.1 | ||
| 100 | _aAmin, Umais | ||
| 245 |
_aFactors affecting private sector participation in build-operate-transfer (BOT) construction projects in Pakistan / _cUmais Amin. |
||
| 260 |
_aIslamabad : _bConstruction Engineering And Management. |
||
| 300 | _c30cm. | ||
| 942 |
_2ddc _cTHE |
||
| 650 |
_aConstruction Engineering and Management - MS Thesis. _917023 |
||
| 700 |
_aDr. Hamza Farooq Gabriel. _927413 |
||